000 00874cam a2200289I 4500
999 _c6033
_d6033
001 2608408
003 OCoLC
005 20190111165550.0
008 761209r19671960miu b 001 0 eng d
020 _a0801036593
020 _a9780801036590
035 _a(OCoLC)2608408
040 _aViU
_beng
_cIAI
_dOCL
_dOCLCQ
_dOCLCG
_dOCLCQ
_dBDX
_dCIRBC
050 4 _aBT1102
_b.G45 1967
082 0 4 _a239
_bG383r
092 _a239
_bG383
100 1 _aGerstner, John H.
_q(John Henry),
_d1914-1996.
245 1 0 _aReasons for faith /
_cJohn Gerstner.
260 _aGrand Rapids, Mich. :
_bBaker Book House,
_cc1967.
300 _ax, 245 p. ;
_c20 cm.
490 0 _aTwin Brooks series
500 _aOriginally published by Harper and Row, 1960.
504 _aBibliography: p. 235-238.
650 0 _aApologetics.
650 0 _aApologetics
_xHistory
_y20th century.
942 _2ddc
_cBK